Online
Catalog

Los conceptos elementales del materialismo histórico / (Record no. 13242)

MARC details
000 -CABECERA
campo de control de longitud fija 00709cam a2200205 a 4500
001 - NÚMERO DE CONTROL
campo de control 000013628
005 - FECHA Y HORA DE LA ÚLTIMA TRANSACCIÓN
campo de control 20200929163306.0
008 - DATOS DE LONGITUD FIJA--INFORMACIÓN GENERAL
campo de control de longitud fija 761026s1975 mx a 000 0 spa
040 ## - FUENTE DE LA CATALOGACIÓN
Centro catalogador/agencia de origen DO-SdBNP
Lengua de catalogación spa
Centro/agencia transcriptor BNPHU
Centro/agencia modificador BNPHU
082 ## - NÚMERO DE LA CLASIFICACIÓN DECIMAL DEWEY
Número de clasificación 335.411
Número de documento/Ítem H289c, 1975
100 1# - ENTRADA PRINCIPAL--NOMBRE DE PERSONA
Nombre de persona Harnecker, Marta.
9 (RLIN) 12290
245 14 - MENCIÓN DE TÍTULO
Título Los conceptos elementales del materialismo histórico /
Mención de responsabilidad, etc. Marta Harnecker ; presentación Louis Althusser.
250 ## - MENCIÓN DE EDICIÓN
Mención de edición 25a ed.
260 ## - PUBLICACIÓN, DISTRIBUCIÓN, ETC.
Lugar de publicación, distribución, etc. [México, D. F.] :
Nombre del editor, distribuidor, etc. [Siglo Veintiuno Editores],
Fecha de publicación, distribución, etc. [1975].
300 ## - DESCRIPCIÓN FÍSICA
Extensión xvi, 341 p. :
Otras características físicas il. ;
Dimensiones 19 cm.
490 1# - MENCIÓN DE SERIE
Mención de serie Teoría y Crítica
650 #4 - PUNTO DE ACCESO ADICIONAL DE MATERIA--TÉRMINO DE MATERIA
Término de materia o nombre geográfico como elemento de entrada Materialismo dialéctico
9 (RLIN) 845
700 1# - PUNTO DE ACCESO ADICIONAL--NOMBRE DE PERSONA
Nombre de persona Althusser, Louis.
9 (RLIN) 31032
830 #0 - PUNTO DE ACCESO ADICIONAL DE SERIE-TÍTULO UNIFORME
Título uniforme Teoría y Crítica
9 (RLIN) 31033
Holdings
Estado de retiro Estado de pérdida Restricciones de uso No para préstamo Código de colección Localización permanente Ubicación/localización actual Ubicación en estantería Fecha de adquisición Número de inventario Total de préstamos Signatura topográfica completa Código de barras Fecha visto por última vez Precio válido a partir de Tipo de ítem Koha Número de copia
    Préstamo interno   Monografías: Libros y Folletos General General Depósito 26.11.2009 LF1   335.411 H289c, 1975 13628-10 25.06.2020 25.06.2020 Préstamo interno  
  Extraviado   Excluido de préstamo Monografías: Libros y Folletos General General Extraviado 06.06.2017 LF1   335.411 H289c, 1975 13628-20 25.06.2020 25.06.2020 No se presta e. 2

Powered by Koha